书目信息 |
| 题名: |
建筑工程质量与安全生产管理
|
|
| 作者: | 徐勇戈 编著 | |
| 分册: | ||
| 出版信息: | 北京 机械工业出版社 2019.05 |
|
| 页数: | 238页 | |
| 开本: | 26cm | |
| 丛书名: | 面向可持续发展的土建类工程教育丛书 | |
| 单 册: | ||
| 中图分类: | TU712.3 , TU714 | |
| 科图分类: | ||
| 主题词: | 建筑工程--jian zhu gong cheng--质量管理--高等学校--教材 , 建筑工程--jian zhu gong cheng--安全管理--高等学校--教材 | |
| 电子资源: | ||
| ISBN: | 978-7-111-62363-2 | |
| 000 | 01327nam 2200301 450 | |
| 001 | CAL 0120192764738 | |
| 005 | 20190610090743.3 | |
| 010 | @a978-7-111-62363-2@dCNY39.80 | |
| 100 | @a20190606d2019 em y0chiy0120 ea | |
| 101 | 0 | @achi |
| 102 | @aCN@b110000 | |
| 105 | @aak a 000yy | |
| 106 | @ar | |
| 200 | 1 | @a建筑工程质量与安全生产管理@Ajian zhu gong cheng zhi liang yu an quan sheng chan guan li@f徐勇戈编著 |
| 210 | @a北京@c机械工业出版社@d2019.05 | |
| 215 | @a238页@c图@d26cm | |
| 225 | 2 | @a面向可持续发展的土建类工程教育丛书@Amian xiang ke chi xu fa zhan de tu jian lei gong cheng jiao yu cong shu |
| 300 | @a“十三五”国家重点出版物出版规划项目 | |
| 320 | @a有书目 (第238页) | |
| 330 | @a本书全面系统地介绍了建筑工程质量与安全生产管理的主要内容, 包括建筑工程质量管理基本知识、建筑工程项目质量控制、建筑工程项目质量验收、建筑质量改进与质量事故的处理、建筑工程安全生产管理基本知识、建筑工程施工安全措施、建筑工程安全事故分析与处理等内容。 | |
| 410 | 0 | @12001 @a面向可持续发展的土建类工程教育丛书 |
| 606 | 0 | @a建筑工程@Ajian zhu gong cheng@x质量管理@x高等学校@j教材 |
| 606 | 0 | @a建筑工程@Ajian zhu gong cheng@x安全管理@x高等学校@j教材 |
| 690 | @aTU712.3@v5 | |
| 690 | @aTU714@v5 | |
| 701 | 0 | @a徐勇戈@Axu yong ge@4编著 |
| 801 | 0 | @aCN@b人天书店@c20190606 |
| 905 | @aTSG@b0000806@dTU712.3@eX831@f2 | |
| 建筑工程质量与安全生产管理/徐勇戈编著.-北京:机械工业出版社,2019.05 |
| 238页:图;26cm.-(面向可持续发展的土建类工程教育丛书) |
| “十三五”国家重点出版物出版规划项目 |
| ISBN 978-7-111-62363-2:CNY39.80 |
| 本书全面系统地介绍了建筑工程质量与安全生产管理的主要内容, 包括建筑工程质量管理基本知识、建筑工程项目质量控制、建筑工程项目质量验收、建筑质量改进与质量事故的处理、建筑工程安全生产管理基本知识、建筑工程施工安全措施、建筑工程安全事故分析与处理等内容。 |
| ● |
| 相关链接 |
|
|
|
正题名:建筑工程质量与安全生产管理
索取号:TU712.3/X831
 
预约/预借
| 序号 | 登录号 | 条形码 | 馆藏地/架位号 | 状态 | 备注 |
| 1 | 1535535 | 215355354 | 建筑库201/201建筑库 24排3列5层/ [索取号:TU712.3/X831] | 在馆 | |
| 2 | 1535536 | 215355363 | 建筑库201/201建筑库 24排3列5层/ [索取号:TU712.3/X831] | 在馆 |